[Event "Zemplen Kupa op"]
[Site "Hungary"]
[Date "1998.??.??"]
[Round "7"]
[White "Sziraki, Tamas"]
[Black "Juhasz, Bela"]
[Result "0-1"]
[WhiteElo "2330"]
[BlackElo "2235"]

1.Nf3 Nf6 2.g3 b6 3.Bg2 Bb7 4.O-O c5 5.c4 g6 6.b3 Bg7 7.Bb2 O-O 8.Nc3 d6
9.d4 cxd4 10.Nxd4 Bxg2 11.Kxg2 Qd7 12.e4 Qb7 13.f3 Nbd7 14.Qd2 Rac8 15.Rac1 a6
16.Nd5 Rfe8 17.Qe2 h5 18.Rfd1 Rc5 19.Ba3 Rcc8 20.Bb4 b5 21.Be1 bxc4 22.Nxf6+ Bxf6
23.Rxc4 Rxc4 24.Qxc4 Rc8 25.Qe2 Ne5 26.Qd2 d5 27.Qe3 dxe4 28.Qxe4 Qxe4 29.fxe4 Ng4
30.Rd3 Rd8 31.h3 Ne5 32.Ba5 Nxd3  0-1

[Event "RUS-Cup"]
[Site "Krasnoiarsk"]
[Date "1998.??.??"]
[Round "3"]
[White "Makarov, Marat"]
[Black "Ivanov, Timur"]
[Result "1/2-1/2"]
[WhiteElo "2540"]
[BlackElo "2380"]

1.Nf3 Nf6 2.g3 b6 3.Bg2 Bb7 4.O-O c5 5.c4 g6 6.Nc3 Bg7 7.d3 O-O 8.e4 Nc6
9.h3 d6 10.Be3 Rc8 11.Nh2 e6 12.Qd2 Qd7 13.Bg5 Nd4 14.Rab1 b5 15.cxb5 Nxb5
16.Nxb5 Qxb5 17.b3 Rfe8 18.Rfd1 a5 19.Qf4 e5 20.Qh4 Nd7 21.Bh6 Qb6 22.Ng4 Qd8
23.Qxd8 Rexd8 24.Bd2 Ra8 25.Ne3 Nb8 26.Nc4 Nc6 27.a3 Bf8 28.f4 f6 29.Nb6 Rab8
30.Nd5 Kg7 31.fxe5 dxe5 32.Rf1 Rd6 33.Rbc1 Nd4 34.Rxc5 Bxd5 35.exd5 Rd7 36.Rc4 Rxb3
37.Bxa5 Rxa3 38.Bb6 Rxd3 39.Bxd4 exd4 40.Rf3 Rxf3 41.Bxf3 Bd6 42.g4 Be5 43.Kf1 Ra7
44.d6 Rd7 45.Rc7 Rxc7 46.dxc7 Bxc7 47.Be4 Kh6 48.h4 Bg3 49.h5 Kg5 50.hxg6 hxg6
51.Ke2 Kh6 52.Kf3 Be5 53.Ke2 Kg7 54.Kd3 f5 55.gxf5 g5 56.Bf3 Kf7 57.Ke4 Bf6
58.Bh5+ Ke7 59.Be2 Kd6 60.Bg4 Kc5 61.Be2 Bg7 62.Bf1 Kb4 63.Kd3 g4 64.Ke4 g3
65.Kf3 Be5 66.f6  1/2-1/2

[Event "Southern California op"]
[Site "Los Angeles"]
[Date "1998.??.??"]
[Round "6"]
[White "Lakdawala, Cyrus"]
[Black "Gonzales, Jayson"]
[Result "0-1"]
[WhiteElo "2430"]
[BlackElo "2345"]

1.Nf3 Nf6 2.c4 c5 3.g3 b6 4.Bg2 Bb7 5.O-O g6 6.Nc3 Bg7 7.d4 cxd4 8.Qxd4 O-O
9.Qh4 d6 10.Bh6 Nbd7 11.Ng5 Bxg2 12.Kxg2 Re8 13.Rad1 Bh8 14.f4 Rc8 15.b3 a6
16.f5 Rc5 17.fxg6 hxg6 18.Nce4 Re5 19.Rf3 Qa8 20.Rd4 b5 21.g4 bxc4 22.bxc4 Rb8
23.Rd5 Rxd5 24.cxd5 Qxd5 25.Ng3 Ne5 26.Kh3 Nxf3 27.exf3 Qd1 28.N5e4 Qxf3
29.Nxf6+ Bxf6 30.Bg5 Bxg5 31.Qxg5 Kg7  0-1

[Event "NOR-chT"]
[Site "NOR"]
[Date "1998.??.??"]
[Round "?"]
[White "Haugli, Petter"]
[Black "Heim, Sverre"]
[Result "0-1"]
[WhiteElo "2400"]
[BlackElo "2415"]

1.Nf3 Nf6 2.g3 b6 3.Bg2 Bb7 4.O-O c5 5.c4 g6 6.Nc3 Bg7 7.d3 O-O 8.e4 Nc6
9.Qe2 d6 10.a3 Ne8 11.h4 Nc7 12.Bh3 Bc8 13.Bxc8 Qxc8 14.Nd5 e6 15.Nxc7 Qxc7
16.h5 Rad8 17.Kg2 d5 18.Bf4 Qb7 19.Rad1 Rfe8 20.Rh1 dxe4 21.dxe4 Rxd1 22.Rxd1 Nd4
23.Nxd4 cxd4 24.b3 e5 25.Bc1 Qc6 26.Rh1 Rd8 27.Qd3 a6 28.Bd2 Bf8 29.Ra1 Rc8
30.a4 a5 31.Rh1 Bg7 32.Bc1 Rf8 33.Ba3 Rd8 34.Rc1 Bf8 35.Bxf8 Rxf8 36.hxg6 hxg6
37.g4 f5 38.gxf5 Rxf5 39.f3 Rg5+ 40.Kf2 Qf6 41.Rg1 Rh5 42.Rg2 Rh3 43.Ke2 Kg7
44.Rf2 Qg5 45.Qd2 Kf6 46.Qxg5+ Kxg5 47.Rg2+ Kf6 48.Rf2 Rh1  0-1

[Event "RUS-ch sf"]
[Site "Novosibirsk"]
[Date "1998.??.??"]
[Round "?"]
[White "Landa, Konstantin"]
[Black "Ivanov, Timur"]
[Result "1/2-1/2"]
[WhiteElo "2505"]
[BlackElo "2380"]

1.Nf3 Nf6 2.c4 b6 3.g3 c5 4.Bg2 Bb7 5.O-O g6 6.b3 Bg7 7.Bb2 O-O 8.e3 Nc6
9.Nc3 d5 10.Nxd5 Nxd5 11.Bxg7 Kxg7 12.cxd5 Qxd5 13.d4 Rad8 14.Qe1 Qd6 15.dxc5 Qxc5
16.Nd4 Nxd4 17.exd4 Qc7 18.Rc1 Qd7 19.Bxb7 Qxb7 20.Qe5+ f6 21.Rc7 fxe5 22.Rxb7 exd4
23.Rxa7 Kf6 24.Rd1 h5 25.Rd3 e5 26.Ra6 Rd6 27.Rf3+ Kg7 28.Ra7+ Kg8 29.Rxf8+ Kxf8
30.Kf1 e4 31.Ke1  1/2-1/2

[Event "Pardubice Czech op"]
[Site "Pardubice"]
[Date "1998.??.??"]
[Round "6"]
[White "Mirumian, Vigen"]
[Black "Namgilov, Sogto"]
[Result "1/2-1/2"]
[WhiteElo "2505"]
[BlackElo "2440"]

1.Nf3 Nf6 2.g3 b6 3.Bg2 Bb7 4.O-O g6 5.c4 c5 6.Nc3 Bg7 7.d4 cxd4 8.Qxd4 d6
9.Qd3 Nbd7 10.b3 O-O 11.Bb2 Ne4 12.Qc2 Nxc3 13.Bxc3 Bxc3 14.Qxc3 Rc8 15.Qd4 Rc5
16.Rfd1  1/2-1/2

[Event "Plzen opJ-C"]
[Site "Plzen"]
[Date "1998.??.??"]
[Round "2"]
[White "Kuljabin, Vadim"]
[Black "Stehlik, Jiri"]
[Result "1-0"]
[WhiteElo "2420"]
[BlackElo "2140"]

1.Nf3 Nf6 2.c4 c5 3.g3 b6 4.Bg2 Bb7 5.O-O g6 6.d3 Bg7 7.e4 Nc6 8.Nc3 O-O
9.Rb1 Ne8 10.Be3 Nd4 11.Qd2 Nc7 12.b4 d6 13.Bh6 Nxf3+ 14.Bxf3 Ne6 15.Bxg7 Kxg7
16.Ne2 Qc7 17.Qe3 Rab8 18.a3 Nd8 19.d4 cxb4 20.axb4 Qxc4 21.Rfc1 Qe6 22.Rc7 Re8
23.b5 Qf6 24.Ra1 e5 25.Rxa7 exd4 26.Nxd4 d5 27.Nc6 Bxc6 28.bxc6 d4 29.Qb3 Re6
30.Kg2 Re5 31.Rd7 Ne6 32.c7 Rc8 33.Qxb6 Ng5 34.Qxf6+ Kxf6 35.Bg4 Ree8 36.Rxd4 Ne6
37.Rc4 h5 38.Bh3 Re7 39.f4 Rcxc7 40.Raxc7 Nxc7 41.Rc6+ Kg7 42.Kf3 Ne8 43.Rb6 Ra7
44.e5 Kf8 45.Bf1 Ng7 46.Bc4 Nf5 47.Ke4 Ne7 48.h3 Rc7 49.Bd3 Nf5 50.g4 hxg4
51.hxg4 Nh6 52.Be2 Ra7 53.Rb4 Kg7 54.f5 gxf5+ 55.gxf5 Ra1 56.f6+ Kg6 57.Kf4 Rg1
58.Rb2 Kh7 59.Bd3+ Kh8 60.Rh2  1-0

[Event "Mitropa Cup"]
[Site "Portoroz"]
[Date "1998.??.??"]
[Round "6"]
[White "Mohr, Georg"]
[Black "Stohl, Igor"]
[Result "1/2-1/2"]
[WhiteElo "2470"]
[BlackElo "2540"]

1.Nf3 Nf6 2.c4 b6 3.g3 c5 4.Bg2 Bb7 5.O-O g6 6.Nc3 Bg7 7.b3 O-O 8.Bb2 Na6
9.Rc1 d5 10.Nxd5 Nxd5 11.Bxg7  1/2-1/2

[Event "Pribram Cup"]
[Site "Pribram"]
[Date "1998.??.??"]
[Round "?"]
[White "Jirovsky, Milos"]
[Black "Saljova, Silvie"]
[Result "1-0"]
[WhiteElo "2435"]
[BlackElo "2225"]

1.Nf3 Nf6 2.c4 b6 3.g3 Bb7 4.Bg2 c5 5.O-O g6 6.Nc3 Bg7 7.d4 cxd4 8.Qxd4 O-O
9.Qh4 h5 10.Bg5 Qc8 11.Rac1 d6 12.Nd5 Bxd5 13.cxd5 Qa6 14.Qc4 Re8 15.Nd4 Qxc4
16.Rxc4 Nbd7 17.Rfc1 a6 18.Rc7 Kf8 19.h3 b5 20.R1c6 Ne5 21.Rc2 Nc4 22.Nc6 Nb6
23.e4 Rac8 24.Ra7 Ra8 25.Rb7 Nbd7 26.Be3 Rac8 27.Rc1 e6 28.Bf4 e5 29.Be3 Nb8
30.Nxb8 Rxb8 31.Rxb8 Rxb8 32.Rc6 Ne8 33.Rxa6 b4 34.Bf1 Rc8 35.Rb6 Ra8 36.Bc4 Nf6
37.f3 Rc8 38.Rxb4  1-0

[Event "Regensburg op"]
[Site "Regensburg"]
[Date "1998.??.??"]
[Round "7"]
[White "Sprotte, Norbert"]
[Black "Schmitz, Andreas"]
[Result "1-0"]
[WhiteElo "2230"]
[BlackElo "2115"]

1.Nf3 Nf6 2.c4 c5 3.g3 b6 4.Bg2 Bb7 5.O-O g6 6.Nc3 Bg7 7.d4 cxd4 8.Qxd4 Nc6
9.Qh4 h6 10.Nd5 Na5 11.Ne3 Be4 12.Nd2 Bxg2 13.Kxg2 O-O 14.Nb3 Nxb3 15.axb3 a5
16.Rd1 Qc7 17.Nd5 Nxd5 18.Rxd5 e6 19.Rd3 Qc6+ 20.Kg1 g5 21.Qh5 Rad8 22.h4 f6
23.Be3 b5 24.Rxa5 bxc4 25.bxc4 Qxc4 26.Ra7 Qc6 27.Qg6 e5 28.Bb6 e4 29.Rd1 e3
30.Bxe3 f5 31.Rd6 Qc4 32.Rdxd7 Rxd7 33.Rxd7 Rf7 34.Rd8+ Rf8 35.Bd4  1-0

[Event "SWE-ch"]
[Site "Ronneby"]
[Date "1998.??.??"]
[Round "6"]
[White "Degerman, Lars"]
[Black "Eriksson, Johan"]
[Result "1-0"]
[WhiteElo "2490"]
[BlackElo "2380"]

1.Nf3 c5 2.c4 b6 3.g3 Bb7 4.Bg2 Nf6 5.O-O g6 6.d4 cxd4 7.Qxd4 Bg7 8.Nc3 d6
9.Rb1 Nbd7 10.b3 Rc8 11.Rd1 a6 12.Bb2 O-O 13.Qf4 Rc5 14.a4 Qa8 15.Ne1 Rf5
16.Qd2 Nc5 17.Qc2 Ng4 18.Bxb7 Qxb7 19.Nf3 Bxc3 20.Qxc3 e5 21.Rf1 Ne4 22.Qd3 Nc5
23.Qxd6 Qe4 24.h3 Ne3 25.Rfe1 Rh5 26.Bxe5 Re8 27.Bb2 Rf5 28.Qd4 Qxd4 29.Nxd4 Rg5
30.Nf3 Rf5 31.fxe3 Rxe3 32.Bd4  1-0

[Event "SVE-chT 9798"]
[Site "Sweden"]
[Date "1998.??.??"]
[Round "8"]
[White "Degerman, Lars"]
[Black "Schussler, Harry"]
[Result "0-1"]
[WhiteElo "2490"]
[BlackElo "2460"]

1.Nf3 Nf6 2.c4 b6 3.g3 c5 4.Bg2 Bb7 5.O-O g6 6.d4 cxd4 7.Qxd4 Bg7 8.Nc3 Nc6
9.Qh4 h6 10.Nd5 Rc8 11.Rd1 Na5 12.Nd2 b5 13.Qf4 bxc4 14.Nxf6+ Bxf6 15.Bxb7 Nxb7
16.Nxc4 Qc7 17.Qxc7 Rxc7 18.Ne3 e6 19.Ng4 Bg7 20.Bf4 d6 21.Rac1 Kd7 22.Rxc7+ Kxc7
23.Rc1+ Kb8 24.h4 h5 25.Nh2 Bxb2 26.Rc6 Ba3 27.Be3 Rd8 28.Nf3 Bc5 29.Nd4 Rc8
30.Rxc8+ Kxc8 31.Kg2 Bxd4 32.Bxd4 a6 33.e4 e5 34.Bc3 Nc5 35.f3 Kd7 36.Kf2 Ke6
37.Ke3 d5 38.exd5+ Kxd5 39.f4 exf4+ 40.Kxf4 Ne6+ 41.Ke3 Nc5 42.Kf4 Nd3+ 43.Kg5 Ke6
44.Bd4 Nc1 45.a3 Ne2 46.Bf2 Ke5 47.Be1 Ng1 48.Bc3+ Ke6 49.Ba5 Ne2 50.Bc7 Nc3
51.Ba5 Nd5 52.Be1 Ke5 53.Bf2 Nc3 54.Ba7 Ne4+ 55.Kh6 Kf5 56.Bb8 Kg4 57.Kg7 Nxg3
58.Kxf7 Nf5 59.Kxg6 Nxh4+ 60.Kf6 Nf5 61.Bh2 h4 62.Ke5 Ng3  0-1

[Event "Wattens op 13th"]
[Site "Wattens"]
[Date "1998.??.??"]
[Round "9"]
[White "Kuporosov, Viktor"]
[Black "Teske, Henrik"]
[Result "1/2-1/2"]
[WhiteElo "2500"]
[BlackElo "2510"]

1.Nf3 Nf6 2.c4 c5 3.g3 b6 4.Bg2 Bb7 5.O-O g6 6.b3 Bg7 7.Bb2 O-O 8.e3 d5 9.Qe2 Nc6
10.d3 Rc8 11.Nc3 e5 12.cxd5 Nxd5 13.Rfd1 Re8  1/2-1/2

[Event "POL-chT2"]
[Site "Wisla"]
[Date "1998.??.??"]
[Round "?"]
[White "Goj, Artur"]
[Black "Tustanowski, Robert"]
[Result "1/2-1/2"]
[WhiteElo "2350"]
[BlackElo "2260"]

1.Nf3 Nf6 2.g3 b6 3.Bg2 Bb7 4.O-O c5 5.c4 g6 6.Nc3 Bg7 7.d4 cxd4 8.Qxd4 O-O
9.Qh4 d6 10.Bh6 Nbd7 11.Rfd1 Rc8 12.Bxg7 Kxg7 13.Rac1 Qc7 14.b3 d5 15.cxd5 Bxd5
16.Qg5 Bc6 17.Qe3 Rfe8 18.Bh3 Qb8 19.Nd4 e6 20.Nxc6 Rxc6 21.Bg2 Rc5 22.Ne4 Rxc1
23.Rxc1 Rc8 24.h3 Rxc1+ 25.Qxc1 Qe5  1/2-1/2

[Event "Hastings Challengers"]
[Site "Hastings"]
[Date "1999.01.04"]
[Round "7"]
[White "Sowray, Peter J"]
[Black "Kaiumov, Dmitry D"]
[Result "0-1"]
[WhiteElo "2320"]
[BlackElo "2460"]

1.Nf3 Nf6 2.c4 b6 3.g3 c5 4.Bg2 Bb7 5.O-O g6 6.Nc3 Bg7 7.d4 cxd4 8.Qxd4 d6
9.Rd1 Nbd7 10.Qh4 h6 11.Be3 Rc8 12.Rac1 Kf8 13.Nd4 Bxg2 14.Kxg2 g5 15.Bxg5 hxg5
16.Qxg5 Bh6 17.Qh4 Rh7 18.f4 Bg7 19.Qg5 Rh5 20.Ne6+ fxe6 21.Qg6 Rxc4 22.g4 Rh6
23.Qg5 Qa8+ 24.Kg1 Rc5  0-1

[Event "Keres mem (Women)"]
[Site "Tallinn"]
[Date "1999.01.10"]
[Round "7"]
[White "Reizniece, Dana"]
[Black "Cmilyte, Viktorija"]
[Result "1-0"]
[WhiteElo "2270"]
[BlackElo "2310"]

1.Nf3 Nf6 2.g3 b6 3.Bg2 Bb7 4.O-O c5 5.c4 g6 6.Nc3 Bg7 7.d4 cxd4 8.Qxd4 d6
9.Qh4 Nbd7 10.Re1 Rc8 11.Bd2 O-O 12.Rac1 a6 13.b3 Rc5 14.g4 Qa8 15.Be3 Rc7
16.Bd4 h5 17.h3 Qc8 18.Ng5 Bxg2 19.Kxg2 e5 20.Be3 Qd8 21.Red1 Rc6 22.Nf3 Nh7
23.gxh5 Qxh4 24.Nxh4 gxh5 25.Nf5 Bf6 26.Ne4 Kh8 27.Nexd6 Nc5 28.Bh6 Rg8+
29.Kf3 Rc7 30.Rg1 Bg5 31.Bxg5 Nxg5+ 32.Ke3 Nxh3 33.Rxg8+ Kxg8 34.Ne8 Rb7
35.Nf6+ Kf8 36.Rh1 Nf4 37.Rg1 Ng6 38.Nxh5 Nd7 39.Nhg3 Rb8 40.Ne4 Ke8 41.Rd1 Nc5
42.Nf6+ Kf8 43.b4 Ne7 44.Nxe7 Kxe7 45.Nd5+ Ke6 46.bxc5 bxc5 47.Rd3 Rb1 48.Ra3 Rc1
49.Rxa6+ Kd7 50.Kd2 Rh1 51.Nf6+ Ke7 52.Ne4 Rh4 53.f3 f5 54.Nxc5 Rxc4 55.Nd3 e4
56.fxe4 fxe4 57.Nf2 Rb4 58.Ke3 Kd7 59.Nxe4 Ke7 60.Nd2 Rb2 61.Kd3  1-0

[Event "Hamburg IM"]
[Site "Hamburg"]
[Date "1999.01.16"]
[Round "7"]
[White "Petrosian, Suren"]
[Black "Gustafsson, Jan"]
[Result "1/2-1/2"]
[WhiteElo "2375"]
[BlackElo "2410"]

1.Nf3 c5 2.c4 Nf6 3.g3 b6 4.Bg2 Bb7 5.O-O g6 6.Nc3 Bg7 7.d4 cxd4 8.Qxd4 d6
9.Rd1 Nbd7 10.b3 O-O 11.Bb2 Rc8 12.Rac1 Re8 13.Ne1 Ne4 14.Qe3 Nxc3 15.Bxc3 Bxg2
16.Nxg2 Nf6 17.Qd3 Qd7 18.Nf4 Qb7 19.f3 Rc5 20.b4 Rcc8 21.b5 h5 22.Bxf6 Bxf6
23.Nd5 Bg7 24.Kg2 a5 25.e4 Rc5 26.h4 Rec8 27.Kh2 Kh7 28.f4 e6 29.Ne3 Re8
30.Re1 Rcc8 31.Rcd1 Rcd8 32.Nc2 Qc7 33.Nd4 Bxd4 34.Qxd4 Kg8 35.f5 Qc5 36.fxg6 fxg6
37.Qf6 Kh7 38.Rf1 Rd7 39.e5 Qxc4 40.Rxd6 Qxb5 41.Rf2 Rde7 42.Rfd2 a4 43.a3 Rc7
44.Rxe6 Rxe6 45.Qxe6 Qc6 46.Qa2 Qc4 47.Rd7+ Kg8 48.Rd8+ Kg7 49.Rd7+ Kg8 50.Rd8+ Kg7  1/2-1/2

[Event "Hoogovens 5'"]
[Site "Wijk aan Zee"]
[Date "1999.01.18"]
[Round "1"]
[White "Topalov, Veselin"]
[Black "Kramnik, Vladimir"]
[Result "1/2-1/2"]
[WhiteElo "2700"]
[BlackElo "2751"]

1.c4 c5 2.Nf3 Nf6 3.g3 b6 4.Bg2 Bb7 5.O-O g6 6.d4 cxd4 7.Qxd4 Bg7 8.Nc3 d6
9.Rd1 Nbd7 10.Be3 O-O 11.Qh4 Rc8 12.Rac1 a6 13.b3 Rc7 14.Bh6 Qa8 15.Bxg7 Kxg7
16.Qd4 b5 17.cxb5 axb5 18.Nxb5 Rxc1 19.Rxc1 Qxa2 20.Nc3 Qa3 21.Rb1 Rc8 22.Nd2 e5
23.Qa4 Qxa4 24.Nxa4 Bxg2 25.Kxg2 d5 26.Nf3 d4 27.b4 Nd5 28.Rb2 f6 29.h4 Kf7
30.Rd2 Nxb4 31.Nxd4 Nc5 32.Nb5 Ke7 33.Nd6 Rc6 34.Nxc5 Rxc5 35.Ne4 Rc4 36.f3 Nc6
37.Ra2 f5 38.Ng5 h6 39.Nh3  1/2-1/2

[Event "Hoogovens 5'"]
[Site "Wijk aan Zee"]
[Date "1999.01.18"]
[Round "5"]
[White "Topalov, Veselin"]
[Black "Kasparov, Gary"]
[Result "0-1"]
[WhiteElo "2700"]
[BlackElo "2812"]

1.Nf3 Nf6 2.c4 b6 3.g3 Bb7 4.Bg2 c5 5.O-O g6 6.d4 cxd4 7.Qxd4 Bg7 8.Nc3 d6
9.Rd1 Nbd7 10.Be3 O-O 11.Qh4 Rc8 12.Bh3 Bxf3 13.exf3 Ne5 14.Kg2 Rxc4 15.Rd4 Rxc3
16.bxc3 Qa8 17.Kf1 Nxf3 18.Bg2 Nxh4 19.Bxa8 Nf5 20.Bb7 Nxd4 21.cxd4 Rb8 22.Ba6 Nd5
23.Rc1 h5 24.Ke2 e6 25.a3 b5 26.Rc8+ Rxc8 27.Bxc8 Nxe3 28.fxe3 d5 29.Ba6 Bf8
30.Bxb5 Bxa3 31.h3 f5 32.Ba6 g5 33.Kf3 g4+ 34.hxg4 hxg4+ 35.Kf2 Kf7 36.Ke2 Bd6
37.Kf2 Bb4 38.Kf1 Bd2 39.Ke2 Bb4 40.Kf1 Ke7 41.Kf2 Ba5 42.Kf1 Bb6 43.Kf2 Kf6
44.Ke2 e5 45.dxe5+ Kxe5 46.Kd3 Bc7 47.Ke2 Kf6 48.Kf2 Be5 49.Kg2 d4 50.exd4 Bxd4
51.Kf1 Kg5 52.Kg2 f4 53.gxf4+ Kxf4 54.Kf1 Ke3  0-1

[Event "Hoogovens 5'"]
[Site "Wijk aan Zee"]
[Date "1999.01.18"]
[Round "11"]
[White "Yermolinsky, Alex"]
[Black "Kasparov, Gary"]
[Result "1/2-1/2"]
[WhiteElo "2597"]
[BlackElo "2812"]

1.Nf3 Nf6 2.c4 b6 3.g3 c5 4.Bg2 Bb7 5.O-O g6 6.Nc3 Bg7 7.d4 cxd4 8.Qxd4 d6
9.Be3 Nbd7 10.Rac1 O-O 11.Qh4 Rc8 12.b3 a6 13.Bh6 Rc5 14.Bxg7 Kxg7 15.Qd4 Qa8
16.Rfd1 b5 17.cxb5 axb5 18.b4 Rc4 19.Qe3 Qa3 20.Nd2 Rc7 21.Bxb7 Rxb7 22.Qxe7 Qxb4
23.Nb3 Re8 24.Qxd6 Qxd6 25.Rxd6 b4 26.Nd5 Nxd5 27.Rxd5 Rxe2 28.Rd2 Rxd2 29.Nxd2 Ne5
30.Rb1 Rd7 31.Nf1 Nc6 32.Ne3 Rd2 33.Rc1 Ne5 34.Rc2 Nf3+ 35.Kf1 Rxc2 36.Nxc2 b3  1/2-1/2

[Event "AUT-chT2M 9899"]
[Site "Austria"]
[Date "1999.01.24"]
[Round "7"]
[White "Neckar, Lubomir"]
[Black "Gruenberg, Hans Ulrich"]
[Result "0-1"]
[WhiteElo "2455"]
[BlackElo "2340"]

1.Nf3 Nf6 2.c4 c5 3.g3 b6 4.Bg2 Bb7 5.O-O g6 6.d4 cxd4 7.Qxd4 Bg7 8.Nc3 d6
9.Rd1 Nbd7 10.b3 Rc8 11.Qf4 O-O 12.Rb1 a6 13.Bb2 Rc5 14.e4 b5 15.cxb5 axb5
16.b4 Rc4 17.Nd2 Rxb4 18.Ba1 Rxb1 19.Rxb1 Bc6 20.Qe3 Qa8 21.Bf1 Rb8 22.Nxb5 Qxa2
23.Bxf6 Bxf6 24.Nc3 Qa8 25.Rxb8+ Qxb8 26.Nd5 Bxd5 27.exd5 Qb2 28.Ne4 Bg7
29.Qe2 Qa1 30.Qg4 Ne5  0-1

[Event "Bundesliga 9899"]
[Site "Germany"]
[Date "1999.01.31"]
[Round "9.7"]
[White "Sandkamp, Ralph"]
[Black "Gustafsson, Jan"]
[Result "1/2-1/2"]
[WhiteElo "2271"]
[BlackElo "2416"]

1.Nf3 c5 2.g3 b6 3.Bg2 Bb7 4.O-O Nf6 5.c4 g6 6.b3 Bg7 7.Bb2 O-O 8.Nc3 Na6
9.d4 d5 10.dxc5 Nxc5 11.Nxd5 Nxd5 12.Bxg7 Kxg7 13.cxd5 Qxd5 14.Qxd5 Bxd5
15.Rfd1  1/2-1/2

[Event "Bundesliga 9899"]
[Site "Germany"]
[Date "1999.02.20"]
[Round "10.6"]
[White "Appel, Ralf"]
[Black "Wilhelmi, Christian"]
[Result "1/2-1/2"]
[WhiteElo "2490"]
[BlackElo "2446"]

1.Nf3 c5 2.g3 b6 3.Bg2 Bb7 4.O-O Nf6 5.c4 g6 6.Nc3 Bg7 7.d4 cxd4 8.Qxd4 d6
9.Bg5 Nbd7 10.Rac1 Rc8 11.b3 a6 12.Bh3 O-O 13.Qe3 Rc5 14.Na4 Ra5 15.Bxd7 Qxd7
16.Qxb6 Rf5 17.Bxf6 Bxf6 18.c5 Bxf3 19.exf3 Rh5 20.g4 Rh4 21.Rfe1 Rxg4+ 22.fxg4 Qxg4+
23.Kf1 Qh3+ 24.Kg1 Qg4+ 25.Kf1 Qh3+ 26.Kg1  1/2-1/2

[Event "United Insurance 4th"]
[Site "Dhaka"]
[Date "1999.02.26"]
[Round "8"]
[White "Szekely, Peter"]
[Black "Kunte, Abhijit"]
[Result "0-1"]
[WhiteElo "2444"]
[BlackElo "2455"]

1.Nf3 c5 2.c4 Nf6 3.g3 b6 4.Bg2 Bb7 5.O-O g6 6.Nc3 Bg7 7.d4 cxd4 8.Qxd4 O-O
9.Qh4 d6 10.Bh6 Nbd7 11.Bxg7 Kxg7 12.Qd4 Rc8 13.b3 Rc5 14.Ne1 Bxg2 15.Nxg2 a6
16.a4 Re5 17.Ne3 Kg8 18.Ra2 Nc5 19.Rb2 Rh5 20.f3 Ne6 21.Qd3 Rc5 22.Ned5 Nd7
23.Rd1 Rc8 24.Qe3 Re8 25.Rdd2 Ng7 26.Rbc2 e6 27.Nb4 Nf5 28.Qf2 Nc5 29.Rb2 Qe7
30.Nd3 Nd7 31.e4 Ng7 32.Rbc2 Red8 33.Qe3 Ne8 34.Nc1 Rc7 35.Kg2 Rdc8 36.N1e2 Nc5
37.Rb2 Rd8 38.Nd4 Nf6 39.Rb1 Rcc8 40.Rbb2 Qb7 41.Rd1 Qc7 42.Rdd2 Ncd7 43.Rb1 Re8
44.Nde2 Red8 45.Nd4 Kg7 46.Rbd1 Nc5 47.Rb1 h6 48.Rbb2 Nfd7 49.Rb1 Ne5 50.Nce2 Re8
51.Rc1 Qb7 52.Nc3 Rcd8 53.Kg1 Kh7 54.Re2 g5 55.Rf1 Rg8 56.Nd1 Rg6 57.Nf2 h5
58.Nh3 Rdg8 59.f4 gxf4 60.Nxf4 Rh6 61.h3 Qe7 62.Rff2 Qg5 63.Rg2 Rf6 64.Ref2 Ned3
65.Nf3 Qh6 66.e5 dxe5 67.Nxe5 Nxf2 68.Rxf2 Qg5 69.g4 Rf5 70.Ned3 Nxd3 71.Qxd3 hxg4
72.hxg4 Qxg4+ 73.Kf1 Qg3 74.Qe4 Rg4  0-1

[Event "Bundesliga 9899"]
[Site "Germany"]
[Date "1999.03.20"]
[Round "12.2"]
[White "Van der Sterren, Paul"]
[Black "Cvitan, Ognjen"]
[Result "1-0"]
[WhiteElo "2559"]
[BlackElo "2521"]

1.Nf3 Nf6 2.c4 b6 3.g3 c5 4.Bg2 Bb7 5.O-O g6 6.d4 cxd4 7.Qxd4 Bg7 8.Nc3 d6
9.Rd1 Nbd7 10.Be3 Rc8 11.Rac1 O-O 12.Qh4 a6 13.b3 Re8 14.Bh3 Rc7 15.Nd5 Nxd5
16.cxd5 Nf6 17.Rxc7 Qxc7 18.Qc4 Qd8 19.Ng5 Qa8 20.Bxb6 Bxd5 21.Qd3 h6 22.Nf3 Qb7
23.Ba5 Be4 24.Qe3 Qb5 25.Be1 Ba8 26.Rc1 Qh5 27.Bg2 Ng4 28.Qa7 Bxf3 29.exf3 Qxh2+
30.Kf1 Ne5 31.Qxa6 Kh7 32.f4 Ng4 33.Qb5 Rd8 34.Qe2 Qh5 35.Qxe7 Qb5+ 36.Kg1 Rd7
37.Qe8 Nf6 38.Qc8 d5 39.Bf1 Qb6 40.Rc6 Qa7 41.Ra6  1-0

[Event "Amber Blindfold"]
[Site "Monte Carlo"]
[Date "1999.03.26"]
[Round "9"]
[White "Kramnik, Vladimir"]
[Black "Nikolic, Predrag"]
[Result "1/2-1/2"]
[WhiteElo "2751"]
[BlackElo "2633"]

1.Nf3 Nf6 2.c4 b6 3.g3 Bb7 4.Bg2 c5 5.O-O g6 6.Nc3 Bg7 7.d4 cxd4 8.Qxd4 d6
9.Rd1 Nbd7 10.Qh4 h6 11.Be3 Rc8 12.Rac1 g5 13.Qd4 O-O 14.Qd3 Bxf3 15.exf3 Ne5
16.Qe2 Nxc4 17.Bd4 e5 18.Nb5 Qd7 19.b3 Qxb5  1/2-1/2

[Event "Mar del Plata op 30th"]
[Site "Mar del Plata"]
[Date "1999.04.04"]
[Round "9"]
[White "Szmetan, Jorge"]
[Black "Ramirez, Emilio"]
[Result "1-0"]
[WhiteElo "2403"]
[BlackElo "2300"]

1.Nf3 Nf6 2.c4 c5 3.g3 b6 4.Bg2 Bb7 5.O-O g6 6.e3 Qc7 7.d4 d6 8.d5 b5 9.Re1 bxc4
10.e4 Nbd7 11.Nc3 Bg7 12.Nd2 Ne5 13.Nxc4 Nxc4 14.Qa4+ Nd7 15.Qxc4 O-O 16.Qe2 Qb6
17.Qc2 a5 18.Na4 Qc7 19.Bg5 Rfe8 20.Rab1 Ba6 21.b3 Rab8 22.Red1 Ne5 23.h3 Rb4
24.Be3 Reb8 25.f4 Nd7 26.Bd2 Rd4 27.Bc3 Rxd1+ 28.Rxd1 Bxc3 29.Qxc3 f6 30.h4 Rb4
31.a3 Rb8 32.Kh2 Bb5 33.Nb2 Kg7 34.Re1 c4 35.bxc4 Ba6 36.h5 gxh5 37.Re2 Nc5
38.e5 h4 39.exf6+ exf6 40.g4 Rb7 41.g5 Qf7 42.Bh3 Kf8 43.Be6 Qg6 44.Qxf6+ Qxf6
45.gxf6 Rb3 46.Rg2 Rg3 47.f7 Ne4 48.Na4 Rxg2+ 49.Kxg2 Nf6 50.Nb6  1-0

[Event "IND-ch"]
[Site "Nagpur"]
[Date "1999.04.08"]
[Round "17"]
[White "Suvrajit, Saha"]
[Black "Hegde, Ravi Gopal"]
[Result "1/2-1/2"]
[WhiteElo "2335"]
[BlackElo "2397"]

1.Nf3 Nf6 2.g3 b6 3.Bg2 Bb7 4.c4 c5 5.O-O g6 6.b3 Bg7 7.Bb2 O-O 8.d4 cxd4
9.Qxd4 d6 10.Nc3 Ne4 11.Qd3 Nd7 12.Rac1 Rc8 13.Rfd1 a6 14.Nd4 Ndc5 15.Qe3 Nxc3
16.Bxc3 Qd7 17.Nf3 Bxc3 18.Rxc3 b5 19.cxb5 Qxb5 20.a4 Qb6 21.Bh3 Rc7  1/2-1/2

[Event "Bois Colombes"]
[Site "Bois Colombes"]
[Date "1999.05.02"]
[Round "9"]
[White "Velikov, Petar"]
[Black "Grimberg, Gilbert"]
[Result "1-0"]
[WhiteElo "2492"]
[BlackElo "2261"]

1.Nf3 c5 2.g3 b6 3.Bg2 Bb7 4.O-O Nf6 5.c4 g6 6.Nc3 Bg7 7.d4 cxd4 8.Qxd4 d6
9.b3 Nc6 10.Qf4 O-O 11.Bb2 a6 12.Rfd1 Ra7 13.Qd2 Ba8 14.Nd5 Ne4 15.Qc2 Bxb2
16.Qxb2 b5 17.Nd4 Nc5 18.Nxc6 Bxc6 19.Nxe7+ Rxe7 20.Bxc6 b4 21.Bf3 a5 22.Rd5 Qb6
23.Rad1 Re6 24.Qd4 a4 25.bxa4 Qa5 26.Rxd6 Rxd6 27.Qxd6 Nxa4 28.Rd5  1-0

[Event "NED-chT Playoff"]
[Site "Breda"]
[Date "1999.05.13"]
[Round "1"]
[White "Schebler, Gerhard"]
[Black "Blees, Albert"]
[Result "1/2-1/2"]
[WhiteElo "2439"]
[BlackElo "2431"]

1.Nf3 Nf6 2.g3 b6 3.Bg2 Bb7 4.O-O c5 5.c4 g6 6.b3 Bg7 7.Bb2 O-O 8.Nc3 d6
9.d4 cxd4 10.Qxd4 Nbd7 11.Rfd1 Rc8 12.Qd2 a6 13.Nd4 Bxg2 14.Kxg2 Nc5 15.Rac1 Qd7
16.f3 Rfd8 17.Nd5 Qb7 18.e4 Re8 19.Ba1 Ncd7 20.Nc2 b5 21.Nce3 bxc4 22.Nxc4 Nxd5
23.Bxg7 Kxg7 24.exd5 Nf6 25.Ne3 Qb5 26.Re1 Kg8 27.Red1 a5 28.Re1 Kg7 29.Red1 Kg8
30.Re1 Kg7 31.Red1  1/2-1/2

[Event "Capablanca mem Elite"]
[Site "Havana"]
[Date "1999.05.19"]
[Round "11"]
[White "Hoffman, Alejandro"]
[Black "Vera, Reynaldo"]
[Result "1/2-1/2"]
[WhiteElo "2547"]
[BlackElo "2547"]

1.Nf3 c5 2.c4 b6 3.g3 Bb7 4.Bg2 Nf6 5.O-O g6 6.d4 cxd4 7.Qxd4 Bg7 8.Nc3 d6
9.Rd1 Nbd7 10.b3 O-O 11.Bb2 Rc8 12.Rac1 Rc5 13.Na4 Rc8 14.Nc3 Rc5 15.Na4  1/2-1/2

[Event "Petrosian mem"]
[Site "Moscow"]
[Date "1999.06.20"]
[Round "3"]
[White "Larsen, Bent"]
[Black "Spassky, Boris V"]
[Result "1/2-1/2"]
[WhiteElo "2532"]
[BlackElo "2549"]

1.Nf3 Nf6 2.c4 b6 3.g3 Bb7 4.Bg2 c5 5.O-O g6 6.b3 Bg7 7.Bb2 O-O 8.Nc3 e6
9.d4 d5 10.dxc5 bxc5 11.Na4 Na6 12.Ne5 Qc7 13.cxd5 Nxd5 14.Nd3 Bxb2 15.Naxb2 Rfd8
16.Qc1 Qe7 17.Rd1 Rac8 18.Nc4 Nab4 19.Qb2 Ba6 20.Nde5 Qf6 21.a3 Bxc4 22.bxc4 Nc6
23.Nd3 Qxb2 24.Nxb2 Nc3 25.Rxd8+ Nxd8 26.Bf3 Rb8 27.Nd3  1/2-1/2

[Event "Fan Adams Int f-B"]
[Site "New York"]
[Date "1999.06.27"]
[Round "4"]
[White "Encarnacion, Ernesto"]
[Black "Gustafsson, Jan"]
[Result "1/2-1/2"]
[WhiteElo "2210"]
[BlackElo "2416"]

1.Nf3 c5 2.g3 b6 3.Bg2 Bb7 4.O-O Nf6 5.c4 g6 6.d4 cxd4 7.Qxd4 Bg7 8.Qf4 d6
9.Nc3 Nbd7 10.Rd1 Rc8 11.Bd2 O-O 12.Rac1 a6 13.b3 Rc5 14.h3 Re8 15.e4 Qa8
16.Re1 b5 17.Nd5 bxc4 18.bxc4 a5 19.Nh2 Ne5 20.Nxf6+ Bxf6 21.Ng4 Nxg4 22.Qxg4 Rec8
23.Bf1 Ba6 24.Be3 R5c7 25.Bb6 Rc6 26.e5 Bxe5 27.Bg2 Bb7 28.Bxc6 Bxc6 29.f4 Bf6
30.Qe2 Rb8 31.Qf2 Bd7 32.Kh2 Be6  1/2-1/2

[Event "Budapest FS07 IM"]
[Site "Budapest"]
[Date "1999.07.04"]
[Round "2"]
[White "Serrer, Christoph"]
[Black "Pham Minh Hoang"]
[Result "1/2-1/2"]
[WhiteElo "2257"]
[BlackElo "2421"]

1.Nf3 c5 2.c4 Nf6 3.g3 b6 4.Bg2 Bb7 5.O-O g6 6.Nc3 Bg7 7.d4 cxd4 8.Nxd4 Bxg2
9.Kxg2 O-O 10.e4 Qc7 11.Qe2 Nc6 12.Nxc6 Qxc6 13.Bd2 Rac8 14.b3 d6 15.Rac1 Qb7
16.Nd5 Rfe8 17.f3 Nd7 18.Bc3 e6 19.Ne3 Bxc3 20.Rxc3 d5 21.exd5 exd5 22.Qd2 dxc4
23.Nxc4 Nc5 24.Rd1 Qa6 25.Re3 Rxe3 26.Nxe3 Re8 27.Kf2 Qc8 28.Nd5 Qf5 29.Ne7+ Rxe7
30.Qd8+ Kg7 31.Qxe7 Nd3+ 32.Kg2 Nf4+  1/2-1/2